El dinero (Registro nro. 5398)

Detalles MARC
000 -LEADER
fixed length control field 01070 a2200193 4500
001 - CONTROL NUMBER
control field 54227
005 - DATE AND TIME OF LATEST TRANSACTION
control field 20260407155813.0
008 - FIXED-LENGTH DATA ELEMENTS--GENERAL INFORMATION
fixed length control field 260407a1972 arg spa d
003 - CONTROL NUMBER IDENTIFIER
control field AR-UNSa-BCEJYS
040 ## - CATALOGING SOURCE
Original cataloging agency AR-UNSa-BCEJYS
Language of cataloging spa
Transcribing agency AR-UNSa-BCEJYS
080 ## - UNIVERSAL DECIMAL CLASSIFICATION NUMBER
Universal Decimal Classification number 336.741.2
Common auxiliary subdivision Naturaleza de la moneda. Teoría general del dinero
100 1# - MAIN ENTRY--PERSONAL NAME
Personal name Harrod, Roy
245 10 - TITLE STATEMENT
Title El dinero
264 #1 - PRODUCTION, PUBLICATION, DISTRIBUTION, MANUFACTURE, AND COPYRIGHT NOTICE
Place of production, publication, distribution, manufacture Barcelona :
Name of producer, publisher, distributor, manufacturer Ediciones Ariel
Date of production, publication, distribution, manufacture, or copyright notice 1972
300 ## - PHYSICAL DESCRIPTION
Extent 436 p.
Dimensions 19 cm.
505 ## - FORMATTED CONTENTS NOTE
Formatted contents note Primera parte: Formas del dinero - 1. Monedas - 2. Billetes y depósitos bancarios - 3. Cambios exteriores - 4. Erosión del patrón oro(Modelo antiguo) - Segunda parte: Teoría monetaria - 5. Introducción - 6. Teoría cuantitativa - 7. La revolución keynesiana - 8. Teoría de crecimiento - 9. Teoría del equilibrio exterior - Tercera parte: Instituciones y políticas actuales - 10. Política interior de los Estados Unidos y del Reino Unido,después de la Segunda Guerra Mundial - 11. Instituciones internacionales - 12. Eurodólares
590 ## - LOCAL NOTE (RLIN)
Local note niveau_biblio:m niveau_hierar:0
942 ## - ADDED ENTRY ELEMENTS (KOHA)
Koha item type
Existencias
Withdrawn status Lost status Damaged status Not for loan Home library Current library Shelving location Date acquired Total checkouts Full call number Barcode Date last seen Price effective from Koha item type
        Biblioteca Prof. Eusebio Cleto del Rey Biblioteca Prof. Eusebio Cleto del Rey   07/04/2026   336.741.2 H296 L39351 07/04/2026 07/04/2026 Libro